Chiến lược và chính sách kinh doanh Quản trị chiến lược
TM tài liệu tham khảo tr.489; Nội dung trình bày những vấn đề sau: Nghiên cứu, phân tích môi truờng và hệ thống thông tin quản trị, xác định mục tiêu, nhiệm vụ, xây dựng và lựa chọn chiến luợc của doanh nghiệp ở các đơn vị kinh doanh và các c...
Saved in:
| Main Author: | |
|---|---|
| Format: | Book |
| Language: | Undetermined |
| Published: |
H.
Lao động - Xã hội
2010
|
| Subjects: | |
| Online Access: | http://lrc.tdmu.edu.vn/opac/search/detail.asp?aID=2&ID=17672 |
| Tags: |
Add Tag
No Tags, Be the first to tag this record!
|
| Institutions: | Trung tâm Học liệu Trường Đại học Thủ Dầu Một |
|---|
| LEADER | 01232nam a2200217Ia 4500 | ||
|---|---|---|---|
| 001 | TDMU_17672 | ||
| 008 | 210410s9999 xx 000 0 und d | ||
| 082 | |a 658.4 | ||
| 090 | |b NG527 | ||
| 100 | |a Nguyễn, Thị Liên Diệp | ||
| 245 | 0 | |a Chiến lược và chính sách kinh doanh | |
| 245 | 0 | |b Quản trị chiến lược | |
| 245 | 0 | |c Nguyễn Thị Liên Diệp, Phạm Văn Nam (b.s) | |
| 260 | |a H. | ||
| 260 | |b Lao động - Xã hội | ||
| 260 | |c 2010 | ||
| 300 | |a 488tr. | ||
| 520 | |a TM tài liệu tham khảo tr.489; Nội dung trình bày những vấn đề sau: Nghiên cứu, phân tích môi truờng và hệ thống thông tin quản trị, xác định mục tiêu, nhiệm vụ, xây dựng và lựa chọn chiến luợc của doanh nghiệp ở các đơn vị kinh doanh và các chức năng, thực hiện chiến luợc, kiểm tra và đánh giá chiến luợc.; KT060 | ||
| 650 | |a Quản trị chiến luợc; Chiến luợc kinh doanh | ||
| 856 | |u http://lrc.tdmu.edu.vn/opac/search/detail.asp?aID=2&ID=17672 | ||
| 980 | |a Trung tâm Học liệu Trường Đại học Thủ Dầu Một | ||